00592nam a2200229 a 450000100060000000300090000600800410001502000130005604000280006908200170009710000240011424500350013825000060017326000460017930000100022549000270023550000170026265000200027965000200029965000220031965000210034110889CO-ViMGA141112s2004 ck r 000 u spa d a01887815 aCO-ViMGAbspacCO-ViMGA04aV861.6 V35sl1 aVelásquez, Lucila10aLa singularidad endecasílaba a1 aUniversidad Nacional Autónoma de Mexico a77 p. aCuadernos de cuadernos aFecha : 199514aCOSMOS - POESIA14aFLORES - POESIA14aPOESIA VENEZOLANA14aSOLEDAD - POESIA